000 00290nam a22001337a 4500
008 190205b xxu||||| |||| 00| 0 eng d
020 _a9780321505972
041 _aeng
080 _a611
100 _a6
101 _aANA
245 _aAtlas of Human Body
_cMartini,F.H
942 _2udc
_cBK
999 _c54050
_d54050